Tányéron a maradék hold Beszélgetés Czilczer Olga költővel /
Elmentve itt :
| Szerző: | |
|---|---|
| Dokumentumtípus: | Cikk |
| Megjelent: |
1992-04-07
|
| Sorozat: | Délmagyarország
82 No. 83 |
| Kulcsszavak: | Czilczer Olga |
| Online Access: | http://dmarchiv.bibl.u-szeged.hu/93055 |
| LEADER | 00491nab a2200157 i 4500 | ||
|---|---|---|---|
| 001 | delm93055 | ||
| 005 | 20191002154802.0 | ||
| 008 | 191002s1992 hu o 0|| hun d | ||
| 040 | |a SZTE Délmagyarország Archívum |b hun | ||
| 041 | |a hun | ||
| 100 | 1 | |a Darvasi László | |
| 245 | 1 | 0 | |a Tányéron a maradék hold |h [elektronikus dokumentum] : |b Beszélgetés Czilczer Olga költővel / |c Darvasi László |
| 260 | |c 1992-04-07 | ||
| 300 | |a 6 | ||
| 490 | 0 | |a Délmagyarország |v 82 No. 83 | |
| 695 | |a Czilczer Olga | ||